书目信息 |
| 题名: |
晋陕黄土高原沟壑型聚落场地雨洪管控适地性规划方法研究
|
|
| 作者: | 杨建辉 著 | |
| 分册: | ||
| 出版信息: | 北京 中国建筑工业出版社 2021.11 |
|
| 页数: | 386页 | |
| 开本: | 26cm | |
| 丛书名: | 风景园林理论·方法·技术系列丛书 | |
| 单 册: | ||
| 中图分类: | TV213.4 | |
| 科图分类: | ||
| 主题词: | ||
| 电子资源: | ||
| ISBN: | 978-7-112-26600-5 | |
| 000 | 01578nam 2200277 450 | |
| 001 | 25799 | |
| 005 | 20220919155914.18 | |
| 010 | @a978-7-112-26600-5@dCNY118.00 | |
| 100 | @a20220509d2021 em y0chiy50 ea | |
| 101 | 0 | @achi |
| 102 | @aCN@b110000 | |
| 105 | @aabk a 000yy | |
| 200 | 1 | @a晋陕黄土高原沟壑型聚落场地雨洪管控适地性规划方法研究@Ajin shan huang tu gao yuan gou he xing ju luo chang di yu hong guan kong shi di xing gui hua fang fa yan jiu@f杨建辉著 |
| 210 | @a北京@c中国建筑工业出版社@d2021.11 | |
| 215 | @a386页@c图, 地图@d26cm | |
| 225 | 2 | @a风景园林理论·方法·技术系列丛书@Afeng jing yuan lin li lun · fang fa · ji shu xi lie cong shu |
| 314 | @a杨建辉, 博士, 西安建筑科技大学建筑学院副教授、风景园林系主任、硕士生导师、中国城市经济学会智慧园林专业委员会秘书长、西安唐风园林建筑艺术研究会副理事长。 | |
| 320 | @a有书目 (第365-386页) | |
| 330 | @a本书内容共8章, 包括: 绪论、雨洪管控适地性规划的理论基础与基本方法、晋陕黄土高原雨洪管控的地域实践与民间智慧、晋陕黄土高原沟壑型聚落场地雨洪特征与产流机制分析、晋陕黄土高原沟壑型聚落场地适地性雨洪管控体系建构、晋陕黄土高原沟壑型聚落场地雨洪管控规划策略与模式、晋陕黄土高原沟壑型聚落场地雨洪管控适地性规划实践、结论与展望。 | |
| 410 | 0 | @12001 @a风景园林理论·方法·技术系列丛书 |
| 607 | @a黄土高原@Ahuang tu gao yuan@x沟壑@x暴雨洪水@x雨水资源@x水资源管理@x研究@y山西 | |
| 607 | @a黄土高原@Ahuang tu gao yuan@x沟壑@x暴雨洪水@x雨水资源@x水资源管理@x研究@y陕西 | |
| 690 | @aTV213.4@v5 | |
| 701 | 0 | @a杨建辉@Ayang jian hui@4著 |
| 801 | 0 | @aCN@c20220910 |
| 905 | @a河南城建学院图书馆@dTV213.4@eY200@f1 | |
| 晋陕黄土高原沟壑型聚落场地雨洪管控适地性规划方法研究/杨建辉著.-北京:中国建筑工业出版社,2021.11 |
| 386页:图, 地图;26cm.-(风景园林理论·方法·技术系列丛书) |
| ISBN 978-7-112-26600-5:CNY118.00 |
| 本书内容共8章, 包括: 绪论、雨洪管控适地性规划的理论基础与基本方法、晋陕黄土高原雨洪管控的地域实践与民间智慧、晋陕黄土高原沟壑型聚落场地雨洪特征与产流机制分析、晋陕黄土高原沟壑型聚落场地适地性雨洪管控体系建构、晋陕黄土高原沟壑型聚落场地雨洪管控规划策略与模式、晋陕黄土高原沟壑型聚落场地雨洪管控适地性规划实践、结论与展望。 |
| ● |
| 相关链接 |
|
|
|
正题名:晋陕黄土高原沟壑型聚落场地雨洪管控适地性
索取号:TV213.4/Y200
 
预约/预借
| 序号 | 登录号 | 条形码 | 馆藏地/架位号 | 状态 | 备注 |
| 1 | 1576649 | 215766491 | 自科库501/501自科库 77排1列1层/ [索取号:TV213.4/Y200] | 在馆 |